Phát triển tư tưởng đạo đức của học sinh phổ thông thông qua giảng dạy chưg trình vật lí Luận văn tốt nghiệp Đại học Sư phạm ngành Vật lí Khóa 16

שמור ב:
מידע ביבליוגרפי
מחבר ראשי: Diệp Thanh Sơn
פורמט: ספר
שפה:Undetermined
יצא לאור: Cần Thơ Trường Đại học Cần Thơ, Khoa Sư phạm, Bộ môn Vật lí 1994
נושאים:
תגים: הוספת תג
אין תגיות, היה/י הראשונ/ה לתייג את הרשומה!
Thư viện lưu trữ: Trung tâm Học liệu Trường Đại học Cần Thơ
LEADER 00828nam a2200193Ia 4500
001 CTU_33800
008 210402s9999 xx 000 0 und d
082 |a 530.07 
082 |b S464/1994 
100 |a Diệp Thanh Sơn 
245 0 |a Phát triển tư tưởng đạo đức của học sinh phổ thông thông qua giảng dạy chưg trình vật lí 
245 0 |b Luận văn tốt nghiệp Đại học Sư phạm ngành Vật lí Khóa 16 
245 0 |c Diệp Thanh Sơn 
260 |a Cần Thơ 
260 |b Trường Đại học Cần Thơ, Khoa Sư phạm, Bộ môn Vật lí 
260 |c 1994 
650 |a physics - study and teaching ( secondary ) 
904 |i Nguyễn Quang Điền, 991111 
980 |a Trung tâm Học liệu Trường Đại học Cần Thơ